000
00278nam a22001217a 4500
008
171030b xxu||||| |||| 00| 0 eng d
041
_a
ALB
080
_a
33
100
_a
58
101
_a
BUS
245
_a
SERBIMET E SIGURISE E TE KONSULENCES
_c
SHULI.I
942
_2
udc
_c
BK
999
_c
36545
_d
36545